Chemical Reaction Equilibrium Analysis: Theory and Algoritms

Bibliographic Details
Main Authors: Smith, William R., Missen, Ronald W.
Format: Section = Libro
Language:Undetermined
Spanish
Published: United States John Wiley & Sons 1982
Subjects:
LEADER 00578nam a2200205Ia 4500
008 240830s9999 xx 000 0 und d
020 |a 0-471-09347-5 
040 |a CEDOC FIQ-RUSB / 539 S642 
041 |a spa 
082 |a 539 S642 
100 1 |a Smith, William R. 
100 1 |b Missen, Ronald W. 
245 1 0 |a Chemical Reaction Equilibrium Analysis: Theory and Algoritms 
260 |a United States  |b John Wiley & Sons  |c 1982 
300 |a 364 p.: il. 
650 7 |a FISICOQUIMICA 
650 7 |b  LA NATURALEZA DEL EQUILIBRIO QUÍMICO 
942 |c BK  |2 ddc 
991 |a TEXTO 
999 |c 13386